Crisis and creativity (Record no. 132726)
[ view plain ]
| 000 -LEADER | |
|---|---|
| fixed length control field | 00904nam a2200277Ia 4500 |
| 003 - CONTROL NUMBER IDENTIFIER | |
| control field | OSt |
| 005 - DATE AND TIME OF LATEST TRANSACTION | |
| control field | 20220918170126.0 |
| 008 - FIXED-LENGTH DATA ELEMENTS--GENERAL INFORMATION | |
| fixed length control field | 220917b |||||||| |||| 00| 0 eng d |
| 020 ## - INTERNATIONAL STANDARD BOOK NUMBER | |
| International Standard Book Number | 9004150048 (pbk) |
| 037 ## - SOURCE OF ACQUISITION | |
| Terms of availability | Textual |
| 040 ## - CATALOGING SOURCE | |
| Original cataloging agency | ARTS |
| Transcribing agency | ARTS |
| Language of cataloging | eng |
| 041 ## - LANGUAGE CODE | |
| Source of code | eng |
| Language code of text/sound track or separate title | eng |
| 100 ## - MAIN ENTRY--PERSONAL NAME | |
| Personal name | Konings Piet Ed. |
| 9 (RLIN) | 27204 |
| 245 #0 - TITLE STATEMENT | |
| Title | Crisis and creativity |
| Remainder of title | Exploring the wealth of the African neighbourhood |
| 260 ## - PUBLICATION, DISTRIBUTION, ETC. | |
| Place of publication, distribution, etc. | Leiden |
| Name of publisher, distributor, etc. | Brill The Netherlands |
| Date of publication, distribution, etc. | 2006 |
| 300 ## - PHYSICAL DESCRIPTION | |
| Extent | 254p. |
| Dimensions | cm. |
| 490 ## - SERIES STATEMENT | |
| Series statement | frican dynamics; 5 |
| 650 ## - SUBJECT ADDED ENTRY--TOPICAL TERM | |
| Topical term or geographic name entry element | HISTORY |
| 700 ## - ADDED ENTRY--PERSONAL NAME | |
| Personal name | Foeken Dick Ed. |
| 9 (RLIN) | 27205 |
| 942 ## - ADDED ENTRY ELEMENTS (KOHA) | |
| Classification part | V6, P6(906) |
| Koha item type | Textual |
| Source of classification or shelving scheme | Colon Classification (CC) |
| Withdrawn status | Lost status | Damaged status | Not for loan | Home library | Current library | Date acquired | Source of acquisition | Cost, normal purchase price | Total Checkouts | Full call number | Barcode | Date last seen | Cost, replacement price | Price effective from | Koha item type |
|---|---|---|---|---|---|---|---|---|---|---|---|---|---|---|---|
| Arts Library | Arts Library | 2022-09-18 | 5447, 07/07/2009, Efficient Book Distributors | 2645.76 | V6 P6(906) | AL1347929 | 2022-09-18 | 2645.76 | 2022-09-18 | Textual |
